000 00225nam a2200097Ia 4500
008 240331s9999 xx 000 0 und d
082 _bSTA
100 _aStamp, P
245 0 _aTechnology, gender, and power in Africa
942 _cL
999 _c2660
_d2660